000 00658nam a2200193 i 4500
001 95822
003 ES-MaACL
005 20250927162917.0
007 t|
008 050606s1969 sp ||||1| spa d
100 1 _aMcGregor, Douglas.
_979573
245 1 3 _aLa participación en la industria /
_cpor Douglas McGregor; prólogo y supervisión por Juan N. García Nieto; [versión Esteban Riambau Saurí].
260 _aBarcelona :
_bHispano Europea,
_c1969.
300 _a299 p. ;
_c22 cm.
700 1 _aGarcía-Nieto, Joan N.
_955028
700 1 _aRiambau, Esteve,
_d1925-1994
_9156353
852 _aES-MaACL
_jC-44682
_bR.73185
999 _c95822
_d95822